| 000 | 00765nam a22001817a 4500 | ||
|---|---|---|---|
| 005 | 20120306134934.0 | ||
| 020 |
_c250.00 _a8190183710 |
||
| 035 | _aB-152576 | ||
| 037 |
_b _adpl |
||
| 082 | _a260.35 | ||
| 100 |
_a _943548 |
||
| 245 | 1 |
_aगुरू नानकः जीवन, दर्शन और शिक्षा / _c |
|
| 260 |
_aरोपड़ _bप्रेमनाथ जसवन्ती देवी प्रतिष्ठान _c2004 |
||
| 270 |
_a _b _e _k |
||
| 300 |
_a279पृ. _c22सेमी (सजिल्द) |
||
| 942 |
_adpl _cHN _k _2ddc _h260.35 _mनानक |
||
| 999 |
_c63833 _d63833 |
||